Political theory of art: (Record no. 1848498)

MARC details
000 -LEADER
fixed length control field 00730nam a22002417a 4500
005 - DATE AND TIME OF LATEST TRANSACTION
control field 20260424113428.0
008 - FIXED-LENGTH DATA ELEMENTS--GENERAL INFORMATION
fixed length control field 260424b |||||||| |||| 00| 0 eng d
020 ## - INTERNATIONAL STANDARD BOOK NUMBER
International Standard Book Number 9783985721610 (hbk)
037 ## - SOURCE OF ACQUISITION
Terms of availability TB
040 ## - CATALOGING SOURCE
Original cataloging agency CRL
Transcribing agency CRL
041 ## - LANGUAGE CODE
Source of code eng
Language code of text/sound track or separate title eng
084 ## - COLON CLASSIFICATION NUMBER
Classification number W R4
Assigning agency CRL
100 ## - MAIN ENTRY--PERSONAL NAME
Personal name Fransoni, Alessio
9 (RLIN) 1235632
245 ## - TITLE STATEMENT
Title Political theory of art:
Remainder of title foundations, perspectives, figures
260 ## - PUBLICATION, DISTRIBUTION, ETC.
Place of publication, distribution, etc. Baden - Bedan, Germany:
Name of publisher, distributor, etc. Academia Verlag,
Date of publication, distribution, etc. 2024.
300 ## - PHYSICAL DESCRIPTION
Extent 103p.
365 ## - TRADE PRICE
Price amount 200.00
Currency code INR
490 ## - SERIES STATEMENT
Series statement Philosophische praxis 11
650 ## - SUBJECT ADDED ENTRY--TOPICAL TERM
Topical term or geographic name entry element Political Science
650 ## - SUBJECT ADDED ENTRY--TOPICAL TERM
Topical term or geographic name entry element Theory
942 ## - ADDED ENTRY ELEMENTS (KOHA)
Source of classification or shelving scheme Colon Classification (CC)
Koha item type Textbook
Classification part W R4
Suppress in OPAC No
Holdings
Withdrawn status Lost status Source of classification or shelving scheme Damaged status Not for loan Home library Current library Date acquired Source of acquisition Cost, normal purchase price Inventory number Total Checkouts Full call number Barcode Date last seen Price effective from Koha item type
    Colon Classification (CC)     Central Library Central Library 2026-04-24 V. C. Office 200.00 Gift   W R4 CL1700302 2026-04-24 2026-04-24 Textbook
Copyright @ Delhi University Library System